header

Optical CDMA networks (Record no. 135834)

MARC details
000 -LEADER
fixed length control field 01311nam a2200325 a 4500
082 04 - DEWEY DECIMAL CLASSIFICATION NUMBER
Classification number 621.385/1
100 1# - MAIN ENTRY--AUTHOR NAME
Personal name Ghafouri-Shiraz, H.
245 10 - TITLE STATEMENT
Title Optical CDMA networks
260 ## - PUBLICATION, DISTRIBUTION, ETC. (IMPRINT)
Place of publication Chichester [England] ;
-- Hoboken, N.J. :
Name of publisher Wiley,
Year of publication 2012.
300 ## - PHYSICAL DESCRIPTION
Number of Pages xxxi, 398 p. :
Other physical details ill.
650 #0 - SUBJECT ADDED ENTRY--TOPICAL TERM
Topical Term Code division multiple access.
Topical Term Optical fiber communication.
700 1# - ADDED ENTRY--PERSONAL NAME
Personal name Karbassian, M. Massoud.
856 40 - ELECTRONIC LOCATION AND ACCESS
Uniform Resource Identifier http://site.ebrary.com/lib/rucke/Doc?id=10542575

No items available.

© 2026 Rongo University
Contact us: librarian | system librarian | Rongo university